Management Skills in Working with Information
V spoločnosti založenej na vedomostiach nie je možné efektívne prijímať rozhodnutia bez toho, aby sme boli schopný vyhľadávať, spristupňovať a spracovávať informácie. Informačná gramotnosť je pre mnohých veľmi dôležitá najmä v riadiacích pozíciách. Preto sú súčasné požiadavky na informačnú gramotnos...
Guardado en:
| Autor principal: | |
|---|---|
| Formato: | Capítulo de libro |
| Lenguaje: | inglés |
| Materias: | |
| Etiquetas: |
Sin Etiquetas, Sea el primero en etiquetar este registro!
|
MARC
| LEADER | 00000nla a2200000 4500 | ||
|---|---|---|---|
| 001 | 0229826 | ||
| 005 | 20240502073759.5 | ||
| 041 | 0 | |a eng | |
| 044 | |a SK | ||
| 245 | 1 | 0 | |a Management Skills in Working with Information |c Vladimír Bolek |
| 520 | |a V spoločnosti založenej na vedomostiach nie je možné efektívne prijímať rozhodnutia bez toho, aby sme boli schopný vyhľadávať, spristupňovať a spracovávať informácie. Informačná gramotnosť je pre mnohých veľmi dôležitá najmä v riadiacích pozíciách. Preto sú súčasné požiadavky na informačnú gramotnosť neoddeliteľnou súčasťou kvalifikácie manažérov na rôznych úrovniach riadenia. | ||
| 610 | 2 | 0 | |a zručnosti |
| 610 | 2 | 0 | |a manažéri |
| 610 | 2 | 0 | |a informácie |
| 610 | 2 | 0 | |a gramotnosť informačná |
| 610 | 2 | 0 | |a spoločnosť informačná |
| 610 | 2 | 0 | |a vedomosti |
| 610 | 2 | 0 | |a kompetencie manažérske |
| 100 | 1 | |a Bolek, Vladimír, 1988- | |